<?xml version="1.0" encoding="UTF-8"?>
<record
    xmlns:xsi="http://www.w3.org/2001/XMLSchema-instance"
    xsi:schemaLocation="http://www.loc.gov/MARC21/slim http://www.loc.gov/standards/marcxml/schema/MARC21slim.xsd"
    xmlns="http://www.loc.gov/MARC21/slim">

  <leader>00483    a2200157   4500</leader>
  <controlfield tag="005">20250613120232.0</controlfield>
  <datafield tag="020" ind1=" " ind2=" ">
    <subfield code="a">0-07-231692-6</subfield>
  </datafield>
  <datafield tag="082" ind1=" " ind2=" ">
    <subfield code="a">510STR</subfield>
  </datafield>
  <datafield tag="100" ind1=" " ind2=" ">
    <subfield code="a">Basic Mathematical Skills With Geometry</subfield>
  </datafield>
  <datafield tag="245" ind1=" " ind2=" ">
    <subfield code="a">Basic Mathematical Skills With Geometry</subfield>
  </datafield>
  <datafield tag="250" ind1=" " ind2=" ">
    <subfield code="a">9th Ed,</subfield>
  </datafield>
  <datafield tag="260" ind1=" " ind2=" ">
    <subfield code="a">USA</subfield>
    <subfield code="b">New York,</subfield>
    <subfield code="c">2001.</subfield>
  </datafield>
  <datafield tag="300" ind1=" " ind2=" ">
    <subfield code="a">xxv, 783p, ill, table, figure, picture</subfield>
    <subfield code="b"> Index</subfield>
    <subfield code="c">28cm</subfield>
  </datafield>
  <datafield tag="700" ind1=" " ind2=" ">
    <subfield code="a">JAMES STREETER, DONALD HUTCHISON, BARRY BERGMAN &amp; LOUIS HOELZLE</subfield>
  </datafield>
  <datafield tag="942" ind1=" " ind2=" ">
    <subfield code="2">ddc</subfield>
    <subfield code="c">BKS</subfield>
  </datafield>
  <datafield tag="999" ind1=" " ind2=" ">
    <subfield code="c">3968</subfield>
    <subfield code="d">3968</subfield>
  </datafield>
  <datafield tag="952" ind1=" " ind2=" ">
    <subfield code="r">2025-06-13 10:20:21</subfield>
    <subfield code="l">0</subfield>
    <subfield code="o">510STR</subfield>
    <subfield code="p">DOM000814</subfield>
    <subfield code="v">195000.00</subfield>
    <subfield code="w">2025-06-13</subfield>
    <subfield code="y">BKS</subfield>
    <subfield code="1">0</subfield>
    <subfield code="2">ddc</subfield>
    <subfield code="4">0</subfield>
    <subfield code="7">0</subfield>
    <subfield code="0">0</subfield>
    <subfield code="a">004</subfield>
    <subfield code="b">004</subfield>
    <subfield code="c">GEN</subfield>
    <subfield code="d">2010-04-26</subfield>
    <subfield code="e">DONATION</subfield>
    <subfield code="g">65000.00</subfield>
  </datafield>
  <datafield tag="952" ind1=" " ind2=" ">
    <subfield code="r">2025-06-13 10:58:48</subfield>
    <subfield code="l">0</subfield>
    <subfield code="o">510 STR</subfield>
    <subfield code="p">DOM000848</subfield>
    <subfield code="v">195000.00</subfield>
    <subfield code="w">2025-06-13</subfield>
    <subfield code="y">BKS</subfield>
    <subfield code="1">0</subfield>
    <subfield code="2">ddc</subfield>
    <subfield code="4">0</subfield>
    <subfield code="7">0</subfield>
    <subfield code="0">0</subfield>
    <subfield code="a">004</subfield>
    <subfield code="b">004</subfield>
    <subfield code="c">GEN</subfield>
    <subfield code="d">1988-12-13</subfield>
    <subfield code="g">65000.00</subfield>
  </datafield>
  <datafield tag="952" ind1=" " ind2=" ">
    <subfield code="r">2025-06-13 12:03:52</subfield>
    <subfield code="l">0</subfield>
    <subfield code="o">510 STR</subfield>
    <subfield code="p">DOM000844</subfield>
    <subfield code="v">195000.00</subfield>
    <subfield code="w">2025-06-13</subfield>
    <subfield code="y">BKS</subfield>
    <subfield code="1">0</subfield>
    <subfield code="2">ddc</subfield>
    <subfield code="4">0</subfield>
    <subfield code="7">0</subfield>
    <subfield code="0">0</subfield>
    <subfield code="a">004</subfield>
    <subfield code="b">004</subfield>
    <subfield code="c">GEN</subfield>
    <subfield code="d">1988-12-13</subfield>
    <subfield code="g">65000.00</subfield>
  </datafield>
  <datafield tag="952" ind1=" " ind2=" ">
    <subfield code="r">2025-06-25 05:45:47</subfield>
    <subfield code="l">0</subfield>
    <subfield code="o">510STR</subfield>
    <subfield code="p">DOM000810</subfield>
    <subfield code="v">195000.00</subfield>
    <subfield code="w">2025-06-25</subfield>
    <subfield code="y">BKS</subfield>
    <subfield code="1">0</subfield>
    <subfield code="2">ddc</subfield>
    <subfield code="4">0</subfield>
    <subfield code="7">0</subfield>
    <subfield code="0">0</subfield>
    <subfield code="a">004</subfield>
    <subfield code="b">004</subfield>
    <subfield code="c">SPECIAL</subfield>
    <subfield code="d">2010-04-26</subfield>
    <subfield code="g">65000.00</subfield>
  </datafield>
</record>
